[Event "TCh-FRA Top 12 2012"]
[Site "Belfort FRA"]
[Date "2012.06.01"]
[Round "2.1"]
[White "Bauer, Christian"]
[Black "Giri, Anish"]
[Result "1/2-1/2"]
[WhiteTitle "GM"]
[BlackTitle "GM"]
[WhiteElo "2672"]
[BlackElo "2693"]
[WhiteTeam "VANDOEUVRE Echecs"]
[BlackTeam "Echiquier Chalonnais"]
[WhiteFideId "603767"]
[BlackFideId "24116068"]
[EventDate "2012.05.31"]

1. d4 Nf6 2. Nf3 g6 3. Bg5 Bg7 4. c3 O-O 5. Nbd2 d5 6. e3 Nbd7 7. Be2 Re8 8. O-O
e5 9. b4 c6 10. Bh4 a5 11. a3 Qb6 12. Qb3 Qa7 13. b5 a4 14. Qa2 exd4 15. cxd4 c5
16. Rfc1 b6 17. Rab1 Qb7 18. Bg3 h6 19. Bd6 Bf8 1/2-1/2

[Event "TCh-FRA Top 12 2012"]
[Site "Belfort FRA"]
[Date "2012.06.01"]
[Round "2.2"]
[White "Salgado Lopez, Ivan"]
[Black "Meier, Georg"]
[Result "1/2-1/2"]
[WhiteTitle "GM"]
[BlackTitle "GM"]
[WhiteElo "2623"]
[BlackElo "2637"]
[WhiteTeam "Echiquier Chalonnais"]
[BlackTeam "VANDOEUVRE Echecs"]
[WhiteFideId "2257327"]
[BlackFideId "4675789"]
[EventDate "2012.05.31"]

1. e4 e6 2. d4 d5 3. Nc3 Nf6 4. Bg5 dxe4 5. Nxe4 Nbd7 6. Nxf6+ Nxf6 7. Nf3 h6 8.
Bh4 c5 9. Bd3 cxd4 10. Nxd4 Bd7 11. Qe2 Qc7 12. c3 a6 13. Rd1 O-O-O 14. Bg3 Bd6
15. Bxd6 Qxd6 16. O-O Kb8 17. Rfe1 Qc7 18. Nf3 Bc6 19. Ne5 Be4 20. Bxe4 Qxe5 21.
Bf3 Qxe2 22. Bxe2 a5 23. g3 g5 24. Kf1 Kc7 25. Bf3 b6 26. Ke2 Rhe8 27. Rd2 Rxd2+
28. Kxd2 Rc8 29. Re5 Ne8 30. Kc2 Nd6 31. b3 Kd7 32. Bg4 Ke7 33. Bf3 Kd7 34. Bg4
f5 35. Bf3 g4 36. Bg2 h5 37. Kd3 h4 38. c4 hxg3 39. hxg3 Rh8 40. Ke2 Rc8 41. Kd3
Rh8 1/2-1/2

[Event "TCh-FRA Top 12 2012"]
[Site "Belfort FRA"]
[Date "2012.06.01"]
[Round "2.3"]
[White "Landa, Konstantin"]
[Black "Edouard, Romain"]
[Result "1/2-1/2"]
[WhiteTitle "GM"]
[BlackTitle "GM"]
[WhiteElo "2646"]
[BlackElo "2625"]
[WhiteTeam "VANDOEUVRE Echecs"]
[BlackTeam "Echiquier Chalonnais"]
[WhiteFideId "4101685"]
[BlackFideId "633429"]
[EventDate "2012.05.31"]

1. Nf3 d5 2. d4 Nf6 3. c4 dxc4 4. e3 e6 5. Bxc4 c5 6. O-O a6 7. Bb3 Nc6 8. Qe2
cxd4 9. Rd1 Be7 10. exd4 O-O 11. Nc3 Nb4 12. Ne5 Nbd5 13. Rd3 Nxc3 14. bxc3 Nd5
15. Rh3 Bg5 16. Qd3 g6 17. Bxg5 Qxg5 18. Rg3 Qd8 19. Re1 Ne7 20. Rh3 Kg7 21. Qd2
Ng8 22. Re4 h6 23. Rg3 Ne7 24. Reg4 Bd7 25. Rh3 Rh8 26. Rf4 Be8 27. Rhf3 Nf5 28.
Rd3 Qe7 1/2-1/2

[Event "TCh-FRA Top 12 2012"]
[Site "Belfort FRA"]
[Date "2012.06.01"]
[Round "2.4"]
[White "Cossin, Sebastien"]
[Black "Genzling, Alain"]
[Result "1-0"]
[WhiteTitle "IM"]
[BlackTitle "IM"]
[WhiteElo "2507"]
[BlackElo "2408"]
[WhiteTeam "Echiquier Chalonnais"]
[BlackTeam "VANDOEUVRE Echecs"]
[WhiteFideId "618802"]
[BlackFideId "632708"]
[EventDate "2012.05.31"]

1. d4 Nf6 2. c4 e6 3. Nc3 Bb4 4. e3 b6 5. Ne2 Ba6 6. a3 Bxc3+ 7. Nxc3 d5 8. Qf3
c6 9. b3 O-O 10. Bb2 Nbd7 11. Rd1 Re8 12. g4 e5 13. g5 Ne4 14. Nxe4 dxe4 15.
Qxe4 Qxg5 16. Qxc6 exd4 17. Qg2 Qe7 18. Rxd4 g6 19. Qg3 Bb7 20. Bg2 Bxg2 21.
Qxg2 Nc5 22. b4 Na4 23. Ba1 a5 24. O-O axb4 25. axb4 Qxb4 26. Rh4 Ra5 27. Qh3 h5
28. Qd7 Qe7 29. Qd4 Re5 30. Qxe5 Qxe5 31. Bxe5 Rxe5 32. Rb1 Re6 33. Rd4 Rc6 34.
Kf1 Kg7 35. Ke1 Kf6 36. Kd2 Ke7 37. Ra1 Nc5 38. Ra7+ Kf8 39. Kc3 Rf6 40. Rf4
Rxf4 41. exf4 Ne4+ 42. Kd4 1-0

[Event "TCh-FRA Top 12 2012"]
[Site "Belfort FRA"]
[Date "2012.06.01"]
[Round "2.5"]
[White "Philippe, Christophe"]
[Black "Krasenkow, Michal"]
[Result "0-1"]
[WhiteTitle "IM"]
[BlackTitle "GM"]
[WhiteElo "2403"]
[BlackElo "2604"]
[WhiteTeam "VANDOEUVRE Echecs"]
[BlackTeam "Echiquier Chalonnais"]
[WhiteFideId "610038"]
[BlackFideId "1113100"]
[EventDate "2012.05.31"]

1. e4 e5 2. Nc3 Nc6 3. f4 exf4 4. Nf3 g5 5. Bc4 g4 6. O-O gxf3 7. Qxf3 Bc5+ 8.
Kh1 Qh4 9. d4 Nxd4 10. Qd3 f3 11. Be3 Bd6 12. Bg1 fxg2+ 13. Kxg2 Ne6 14. Kh1 Nf6
15. Rae1 Be5 16. Nd5 Nh5 17. Re3 Rg8 18. Rh3 Qg4 19. Qf3 Qxf3+ 20. Rhxf3 c6 21.
Rf5 cxd5 22. exd5 b5 23. Bb3 Rg5 24. Be3 Rxf5 25. Rxf5 Bf4 26. dxe6 Bb7+ 27. Bd5
Bxd5+ 28. Rxd5 dxe6 29. Rxh5 Bxe3 30. Rxh7 Rc8 0-1

[Event "TCh-FRA Top 12 2012"]
[Site "Belfort FRA"]
[Date "2012.06.01"]
[Round "2.6"]
[White "Dourerassou, Jonathan"]
[Black "Paci, Cedric"]
[Result "1-0"]
[WhiteTitle "IM"]
[BlackTitle "FM"]
[WhiteElo "2462"]
[BlackElo "2379"]
[WhiteTeam "Echiquier Chalonnais"]
[BlackTeam "VANDOEUVRE Echecs"]
[WhiteFideId "628050"]
[BlackFideId "614203"]
[EventDate "2012.05.31"]

1. e4 e5 2. Nf3 Nc6 3. Bc4 Nf6 4. O-O Nxe4 5. Nc3 Nxc3 6. dxc3 Be7 7. Qd5 O-O 8.
Nxe5 Nxe5 9. Qxe5 Bf6 10. Qh5 c6 11. Re1 d5 12. Bd3 g6 13. Qf3 Bg7 14. Be3 Be6
15. Bd4 Qd6 16. h4 c5 17. Bxg7 Kxg7 18. h5 f6 19. h6+ Kg8 20. c4 Rae8 21. cxd5
Bxd5 22. Qg4 Bf7 23. Bc4 Qd4 24. Bxf7+ Kxf7 25. Qf3 Rxe1+ 26. Rxe1 Rd8 27. Qxb7+
Rd7 28. Qc8 Re7 29. Rxe7+ Kxe7 30. Qc7+ Ke6 31. Qc6+ Ke7 32. g3 Qd1+ 33. Kg2
Qxc2 34. Qc7+ Ke6 35. Qxh7 Qe4+ 36. Kh2 Qf5 37. Qg8+ Ke7 38. Qc4 Qxf2+ 39. Kh3
Qf5+ 40. Kg2 g5 41. g4 Qe5 42. Kf3 f5 43. h7 fxg4+ 44. Kxg4 Kd6 45. Qa6+ Kd5 46.
Qb7+ Kd4 47. Qf3 1-0

[Event "TCh-FRA Top 12 2012"]
[Site "Belfort FRA"]
[Date "2012.06.01"]
[Round "2.8"]
[White "Benmesbah, Natacha"]
[Black "Guichard, Pauline"]
[Result "1-0"]
[WhiteTitle "WIM"]
[BlackTitle "WGM"]
[WhiteElo "2208"]
[BlackElo "2316"]
[WhiteTeam "Echiquier Chalonnais"]
[BlackTeam "VANDOEUVRE Echecs"]
[WhiteFideId "642002"]
[BlackFideId "639370"]
[EventDate "2012.05.31"]

1. e4 e5 2. Bc4 Nf6 3. d4 exd4 4. Nf3 Nc6 5. e5 Ne4 6. O-O d5 7. Bb5 Bg4 8. Qxd4
Bc5 9. Qd3 O-O 10. Bxc6 bxc6 11. Nd4 f6 12. Be3 Bd7 13. Nc3 fxe5 14. Nxe4 Bxd4
15. Bxd4 exd4 16. Nc5 Bf5 17. Qxd4 Qd6 18. c3 Rae8 19. Rae1 Qg6 20. Kh1 Bc8 21.
Qd2 Qd6 22. b4 Qf6 23. Rxe8 Rxe8 24. Re1 Re7 25. h3 Bf5 26. Rxe7 Qxe7 27. Qf4
Bg6 28. Qd4 Qe2 29. a4 h6 30. Kh2 Kh7 31. Nd7 Qe6 32. Nf8+ 1-0

[Event "TCh-FRA Top 12 2012"]
[Site "Belfort FRA"]
[Date "2012.06.01"]
[Round "2.2"]
[White "Iordachescu, Viorel"]
[Black "Feller, Sebastien"]
[Result "1/2-1/2"]
[WhiteTitle "GM"]
[BlackTitle "GM"]
[WhiteElo "2614"]
[BlackElo "2640"]
[WhiteTeam "METZ Fischer"]
[BlackTeam "EVRY Grand Roque"]
[WhiteFideId "13900200"]
[BlackFideId "634654"]
[EventDate "2012.05.31"]

1. d4 d5 2. c4 c6 3. Nf3 Nf6 4. Nc3 dxc4 5. a4 Bf5 6. Ne5 Nbd7 7. Nxc4 Nb6 8.
Ne5 a5 9. g3 e6 10. Bg2 Bb4 11. O-O O-O 12. e3 h6 13. Qe2 Bh7 14. Rd1 Qe7 15. e4
Rad8 16. Nd3 Nfd7 17. Nxb4 axb4 18. a5 Ra8 19. Be3 bxc3 20. axb6 Rxa1 21. Rxa1
Qb4 22. bxc3 Qxc3 23. Qa2 Nf6 24. Rc1 Qd3 25. h3 Bxe4 26. Bf1 Bd5 27. Bxd3 Bxa2
28. Ra1 Bd5 29. Ra7 Bf3 30. Rxb7 c5 31. Ra7 cxd4 32. Bf4 Nd5 33. Bc7 Nb4 34. Ra3
Ra8 35. Rxa8+ Bxa8 36. Bc4 Bb7 37. Kf1 Nd5 38. Bxd5 Bxd5 39. Ke2 Bc4+ 40. Kd2
Ba6 41. Be5 d3 1/2-1/2

[Event "TCh-FRA Top 12 2012"]
[Site "Belfort FRA"]
[Date "2012.06.01"]
[Round "2.3"]
[White "Fedorchuk, Sergey A."]
[Black "Svetushkin, Dmitry"]
[Result "1/2-1/2"]
[WhiteTitle "GM"]
[BlackTitle "GM"]
[WhiteElo "2634"]
[BlackElo "2597"]
[WhiteTeam "EVRY Grand Roque"]
[BlackTeam "METZ Fischer"]
[WhiteFideId "14102536"]
[BlackFideId "13900463"]
[EventDate "2012.05.31"]

1. e4 c6 2. Nc3 d5 3. Nf3 Bg4 4. h3 Bxf3 5. Qxf3 e6 6. a3 Nf6 7. d3 Bc5 8. g3
Nbd7 9. Bg2 O-O 10. O-O a5 11. Qe2 Bd4 12. Nd1 Qc7 13. Kh1 a4 14. f4 dxe4 15.
dxe4 Rfd8 16. Nf2 Nc5 17. g4 Bxf2 18. Rxf2 Rd4 1/2-1/2

[Event "TCh-FRA Top 12 2012"]
[Site "Belfort FRA"]
[Date "2012.06.01"]
[Round "2.5"]
[White "Nataf, Igor-Alexandre"]
[Black "Koch, Jean-Rene"]
[Result "1/2-1/2"]
[WhiteTitle "GM"]
[BlackTitle "IM"]
[WhiteElo "2544"]
[BlackElo "2484"]
[WhiteTeam "EVRY Grand Roque"]
[BlackTeam "METZ Fischer"]
[WhiteFideId "605492"]
[BlackFideId "600148"]
[EventDate "2012.05.31"]

1. e4 e5 2. Nf3 Nf6 3. d4 Nxe4 4. Bd3 d5 5. Nxe5 Nd7 6. Nxd7 Bxd7 7. Nc3 Nxc3 8.
bxc3 Qh4 9. O-O O-O-O 10. Qf3 Be6 11. Bf4 Bd6 12. Be5 Bxe5 13. dxe5 Qg4 14. Qxg4
Bxg4 15. f4 g6 16. h3 Bf5 17. g4 Bxd3 18. cxd3 d4 19. c4 Rhe8 20. Rae1 Re6 21.
f5 gxf5 22. Rxf5 Rd7 23. Ref1 Rde7 24. Rxf7 Rxe5 25. Rxe7 Rxe7 26. Rf5 b6 27.
Kf2 c5 28. Kg3 Kb7 29. Kf4 Ka6 30. Re5 Rf7+ 31. Rf5 Re7 32. Re5 Rf7+ 33. Rf5 Re7 1/2-1/2

[Event "TCh-FRA Top 12 2012"]
[Site "Belfort FRA"]
[Date "2012.06.01"]
[Round "2.7"]
[White "Sochacki, Christophe"]
[Black "Neiman, Emmanuel"]
[Result "1-0"]
[WhiteTitle "IM"]
[BlackTitle "FM"]
[WhiteElo "2412"]
[BlackElo "2335"]
[WhiteTeam "EVRY Grand Roque"]
[BlackTeam "METZ Fischer"]
[WhiteFideId "662569"]
[BlackFideId "601616"]
[EventDate "2012.05.31"]

1. e4 e5 2. Nf3 Nf6 3. Nc3 Bb4 4. Bc4 Bxc3 5. dxc3 d6 6. h3 O-O 7. Qe2 d5 8.
exd5 e4 9. Nd4 Nxd5 10. Qh5 c6 11. Bg5 f6 12. Bf4 g6 13. Qh6 Qe8 14. O-O-O g5
15. Bd6 Rf7 16. g4 Be6 17. h4 Bxg4 18. Rdg1 e3 19. f3 e2 20. hxg5 fxg5 21. Qxg5+
Rg7 22. Bxd5+ cxd5 23. Qxd5+ Qf7 24. Qxf7+ Kxf7 25. Rxg4 1-0

[Event "TCh-FRA Top 12 2012"]
[Site "Belfort FRA"]
[Date "2012.06.01"]
[Round "2.1"]
[White "Gharamian, Tigran"]
[Black "Sanchez, Joseph"]
[Result "1/2-1/2"]
[WhiteTitle "GM"]
[BlackTitle "GM"]
[WhiteElo "2672"]
[BlackElo "2531"]
[WhiteTeam "L'Echiquier Deauvillais"]
[BlackTeam "GRASSE Echecs"]
[WhiteFideId "13301527"]
[BlackFideId "5201233"]
[EventDate "2012.05.31"]

1. e4 c5 2. Nf3 Nc6 3. d4 cxd4 4. Nxd4 e5 5. Nb5 d6 6. N1c3 a6 7. Na3 b5 8. Nd5
Nce7 9. c4 Nxd5 10. exd5 bxc4 11. Nxc4 Nf6 12. Be3 Rb8 13. Be2 Be7 14. O-O O-O
15. a4 Bb7 16. Nb6 Nd7 17. Nxd7 Qxd7 18. b4 f5 19. b5 Ra8 20. Rc1 axb5 21. Bxb5
Qd8 22. Bc6 Rb8 23. Ba7 Ra8 24. Be3 Rb8 25. Ba7 Ra8 26. Bb6 Qxb6 27. Rb1 Qc5 28.
Rxb7 Ra7 29. Qc1 Qa5 30. Rxa7 Qxa7 31. Qe3 Qxe3 32. fxe3 Bg5 33. Kf2 Rb8 34. Bb5
Rc8 35. Bc6 Rb8 36. Bb5 Rc8 37. Bc6 1/2-1/2

[Event "TCh-FRA Top 12 2012"]
[Site "Belfort FRA"]
[Date "2012.06.01"]
[Round "2.2"]
[White "Fargere, Francois"]
[Black "Tirard, Hugo"]
[Result "1/2-1/2"]
[WhiteTitle "GM"]
[BlackTitle "IM"]
[WhiteElo "2467"]
[BlackElo "2478"]
[WhiteTeam "GRASSE Echecs"]
[BlackTeam "L'Echiquier Deauvillais"]
[WhiteFideId "615935"]
[BlackFideId "607100"]
[EventDate "2012.05.31"]

1. e4 c5 2. Nf3 Nc6 3. Bb5 e6 4. O-O Nge7 5. Re1 Ng6 6. c3 d5 7. Qa4 Be7 8. d4
O-O 9. exd5 Qxd5 10. c4 Qf5 11. Bxc6 1/2-1/2

[Event "TCh-FRA Top 12 2012"]
[Site "Belfort FRA"]
[Date "2012.06.01"]
[Round "2.3"]
[White "Cornette, Matthieu"]
[Black "Apicella, Manuel"]
[Result "1/2-1/2"]
[WhiteTitle "GM"]
[BlackTitle "GM"]
[WhiteElo "2552"]
[BlackElo "2548"]
[WhiteTeam "L'Echiquier Deauvillais"]
[BlackTeam "GRASSE Echecs"]
[WhiteFideId "620084"]
[BlackFideId "600164"]
[EventDate "2012.05.31"]

1. Nf3 Nf6 2. c4 e6 3. g3 d5 4. Bg2 Be7 5. O-O O-O 6. d4 dxc4 7. Qc2 a6 8. a4
Bd7 9. Qxc4 Bc6 10. Bg5 Nbd7 11. Nc3 Nd5 12. Bxe7 Qxe7 13. Nxd5 exd5 14. Qc2
Rfe8 15. e3 a5 16. Ne1 Nb8 17. Qb3 Qd6 18. Nd3 Na6 19. Rfc1 Red8 20. Bf3 b6 21.
Rc3 Rab8 22. Rac1 Be8 23. Qd1 f6 24. b3 c6 25. h4 Rbc8 26. Nf4 Nb4 27. Qe2 Bd7
28. Kh1 1/2-1/2

[Event "TCh-FRA Top 12 2012"]
[Site "Belfort FRA"]
[Date "2012.06.01"]
[Round "2.4"]
[White "Nanu, Costica-Ciprian"]
[Black "Kulaots, Kaido"]
[Result "1/2-1/2"]
[WhiteTitle "GM"]
[BlackTitle "GM"]
[WhiteElo "2520"]
[BlackElo "2574"]
[WhiteTeam "GRASSE Echecs"]
[BlackTeam "L'Echiquier Deauvillais"]
[WhiteFideId "1204580"]
[BlackFideId "4500261"]
[EventDate "2012.05.31"]

1. Nf3 Nf6 2. c4 e6 3. g3 a6 4. Bg2 b5 5. b3 Bb7 6. Nc3 b4 7. Na4 c5 8. O-O Be7
9. Bb2 d6 10. a3 a5 11. d4 Nbd7 12. axb4 axb4 13. dxc5 dxc5 14. Ne5 Bxg2 15.
Kxg2 Nxe5 16. Qxd8+ Rxd8 17. Bxe5 O-O 18. Bxf6 Bxf6 19. Rad1 Be7 20. Kf3 f6 21.
e3 Kf7 22. Ke2 h5 23. Nb6 Rxd1 24. Rxd1 Rb8 25. Na4 Rb7 26. e4 g6 27. f4 f5 28.
Kf3 Ra7 29. h3 Rb7 30. g4 hxg4+ 31. hxg4 fxg4+ 32. Kxg4 Ra7 33. Rd3 Rb7 34. f5
gxf5+ 35. exf5 Rb8 36. Kf4 Rh8 37. fxe6+ Kxe6 38. Re3+ Kf6 39. Ke4 Rd8 40. Rh3
Rd4+ 41. Ke3 Ke6 42. Rh6+ Kd7 43. Nb6+ Kc7 44. Rg6 Bg5+ 45. Ke2 Bd8 46. Na4 Be7
47. Rg7 Kd8 48. Rh7 Re4+ 49. Kd3 Rd4+ 50. Kc2 Rg4 51. Nb6 Bf6 52. Rd7+ Ke8 53.
Rd5 Bd4 54. Na4 Rg2+ 55. Kd3 Rg3+ 56. Kc2 Rg2+ 1/2-1/2

[Event "TCh-FRA Top 12 2012"]
[Site "Belfort FRA"]
[Date "2012.06.01"]
[Round "2.5"]
[White "Godard, Maxence"]
[Black "Llanes Hurtado, Miguel"]
[Result "1/2-1/2"]
[WhiteTitle "IM"]
[BlackTitle "GM"]
[WhiteElo "2363"]
[BlackElo "2480"]
[WhiteTeam "L'Echiquier Deauvillais"]
[BlackTeam "GRASSE Echecs"]
[WhiteFideId "603694"]
[BlackFideId "2206706"]
[EventDate "2012.05.31"]

1. d4 Nf6 2. c4 e6 3. Nc3 Bb4 4. e3 O-O 5. Ne2 d5 6. a3 Be7 7. cxd5 Nxd5 8. e4
Nxc3 9. Nxc3 c5 10. d5 exd5 11. exd5 Re8 12. Be2 Bd6 13. O-O a6 14. Bd3 Nd7 15.
Ne4 Ne5 16. Nxd6 Qxd6 17. Bf4 Qf6 1/2-1/2

[Event "TCh-FRA Top 12 2012"]
[Site "Belfort FRA"]
[Date "2012.06.01"]
[Round "2.6"]
[White "Colovic, Aleksandar"]
[Black "Battaglini, Gabriel"]
[Result "0-1"]
[WhiteTitle "IM"]
[BlackTitle "IM"]
[WhiteElo "2433"]
[BlackElo "2412"]
[WhiteTeam "GRASSE Echecs"]
[BlackTeam "L'Echiquier Deauvillais"]
[WhiteFideId "15000729"]
[BlackFideId "621650"]
[EventDate "2012.05.31"]

1. d4 Nf6 2. c4 e6 3. Nc3 Bb4 4. Qc2 O-O 5. e4 d5 6. e5 Ne4 7. Bd3 c5 8. Nf3
cxd4 9. Nxd4 Nd7 10. Bf4 Bxc3+ 11. bxc3 Qh4 12. g3 Qh5 13. Be2 Qh3 14. Bf1 Qh5
15. Be2 Qh3 16. O-O-O Nec5 17. Nf3 dxc4 18. Ng5 Qf5 19. Qxf5 exf5 20. Bxc4 Nb6
21. Be3 Nxc4 22. Bxc5 Re8 23. Rhe1 b6 24. Rd4 Ba6 25. Bd6 Rac8 26. Kc2 f6 27.
Nf3 Rc6 28. Nd2 Kf7 29. Nxc4 Bxc4 30. f4 a5 31. a3 g5 32. Kd2 Rd8 33. Kc2 g4 34.
h4 gxh3 35. Rh1 h5 36. Rxh3 Be2 37. Rh1 Bf3 38. Re1 Be4+ 39. Kd2 Rdc8 40. Re3
Ke6 41. c4 Rg8 42. Rb3 Rgc8 43. Ke3 Rg8 44. Kd2 a4 45. Rc3 Rg4 46. c5 bxc5 47.
Bxc5 fxe5 48. fxe5 h4 49. gxh4 Rxh4 50. Rxa4 Rh2+ 51. Ke1 Kxe5 52. Bd4+ Ke6 53.
Rxc6+ Bxc6 54. Ra5 f4 55. Re5+ Kd7 56. Rf5 f3 57. a4 Re2+ 58. Kf1 Re4 59. Bc5
Rxa4 60. Rf6 Ra2 0-1

[Event "TCh-FRA Top 12 2012"]
[Site "Belfort FRA"]
[Date "2012.06.01"]
[Round "2.8"]
[White "Forestier, Carole"]
[Black "Fruteau, Sabine"]
[Result "1-0"]
[BlackTitle "WFM"]
[WhiteElo "2096"]
[BlackElo "2127"]
[WhiteTeam "GRASSE Echecs"]
[BlackTeam "L'Echiquier Deauvillais"]
[WhiteFideId "641405"]
[BlackFideId "601942"]
[EventDate "2012.05.31"]

1. d4 Nf6 2. c4 e6 3. Nc3 c5 4. d5 exd5 5. cxd5 d6 6. e4 g6 7. f4 Bg7 8. Bb5+
Bd7 9. Be2 O-O 10. e5 Ne8 11. Nf3 Bg4 12. Ng5 Bxe2 13. Qxe2 Nc7 14. O-O dxe5 15.
fxe5 Nxd5 16. Qc4 Nxc3 17. bxc3 Qe7 18. e6 f6 19. Nf7 Re8 20. Nh6+ Bxh6 21. Bxh6
Nc6 22. Qh4 f5 23. Qc4 Qxe6 24. Qxc5 Rad8 25. Qb5 Ne5 26. Qxb7 Qb6+ 27. Qxb6
axb6 28. Rab1 Nc4 29. Rb4 Re4 30. a4 Kf7 31. Bg5 Rd3 32. a5 bxa5 33. Rb7+ Ke6
34. Rxh7 Rd7 35. Rh8 a4 36. Re8+ Kd6 37. Ra8 Nb6 38. Ra6 Kc7 39. Bf6 Kb7 40. Ra5
Rd5 41. Rxd5 Nxd5 42. Bd4 Nf4 43. Rb1+ Ka6 44. Kf1 Ka5 45. Bb6+ Ka6 46. Bd4 Nd3
47. Rd1 Nb2 48. Rb1 a3 49. Ra1 Nc4 50. Bc5 Re5 51. Bb4 Kb6 52. Bxa3 Ra5 53. Rb1+
Kc6 54. Bb4 Ra2 55. Re1 Nd2+ 56. Kg1 Ne4 57. Rc1 Kb5 58. Bf8 Kc4 59. Bg7 Ra3 60.
Rd1 Ra2 61. h4 Nxc3 62. Rc1 Ra3 63. Kf2 Kd3 64. Bxc3 Rxc3 65. Rxc3+ Kxc3 66. Ke3 1-0

[Event "TCh-FRA Top 12 2012"]
[Site "Belfort FRA"]
[Date "2012.06.01"]
[Round "2.2"]
[White "Jakubowski, Krzysztof"]
[Black "Buhmann, Rainer"]
[Result "1/2-1/2"]
[WhiteTitle "GM"]
[BlackTitle "GM"]
[WhiteElo "2525"]
[BlackElo "2567"]
[WhiteTeam "Echiquier Guingampais"]
[BlackTeam "BISCHWILLER"]
[WhiteFideId "1112848"]
[BlackFideId "4651340"]
[EventDate "2012.05.31"]

1. e4 e5 2. Nf3 Nc6 3. Bb5 Nf6 4. O-O Nxe4 5. Re1 Nd6 6. Nxe5 Be7 7. Bf1 Nxe5 8.
Rxe5 O-O 9. d4 Bf6 10. Re1 Re8 11. Rxe8+ Nxe8 12. c3 d5 13. Bf4 c6 14. Nd2 Bf5
15. Qb3 Qb6 16. Re1 g6 17. Be5 Bxe5 18. Rxe5 Qxb3 19. Nxb3 Nd6 20. f3 f6 21. Re7
Re8 1/2-1/2

[Event "TCh-FRA Top 12 2012"]
[Site "Belfort FRA"]
[Date "2012.06.01"]
[Round "2.3"]
[White "Ragger, Markus"]
[Black "Mista, Aleksander"]
[Result "1/2-1/2"]
[WhiteTitle "GM"]
[BlackTitle "GM"]
[WhiteElo "2670"]
[BlackElo "2538"]
[WhiteTeam "BISCHWILLER"]
[BlackTeam "Echiquier Guingampais"]
[WhiteFideId "1610856"]
[BlackFideId "1110381"]
[EventDate "2012.05.31"]

1. Nf3 c5 2. c4 Nc6 3. Nc3 e5 4. e3 Nf6 5. Be2 Be7 6. d4 exd4 7. exd4 cxd4 8.
Nxd4 d5 9. cxd5 Nxd5 10. Nxc6 bxc6 11. Nxd5 Qxd5 12. O-O O-O 13. Bf3 Qb5 14. a4
Qb7 15. Qc2 Bd7 16. Be3 Bf6 17. Rad1 Rfd8 18. Bd4 Bxd4 19. Rxd4 Be6 20. Bxc6 Qb3
21. Rfd1 Rxd4 22. Qxb3 Bxb3 23. Rxd4 Rc8 24. g3 Kf8 25. Rb4 Be6 26. Be4 a5 27.
Rd4 Rb8 28. Rd2 Rb4 29. Bc6 Bb3 30. Re2 g6 31. Re8+ Kg7 32. Re7 Be6 33. Ra7 Rxb2
34. Rxa5 Bh3 35. f4 Rb1+ 36. Kf2 Rb2+ 37. Ke3 Rxh2 38. Bd5 Be6 39. Bxe6 fxe6 40.
g4 h5 41. g5 h4 42. Ra7+ Kf8 43. Kd4 Rf2 44. Ke5 h3 45. Rh7 h2 46. Kf6 1/2-1/2

[Event "TCh-FRA Top 12 2012"]
[Site "Belfort FRA"]
[Date "2012.06.01"]
[Round "2.4"]
[White "Terrieux, Kevin"]
[Black "Kosten, Anthony C."]
[Result "1-0"]
[WhiteTitle "IM"]
[BlackTitle "GM"]
[WhiteElo "2372"]
[BlackElo "2493"]
[WhiteTeam "Echiquier Guingampais"]
[BlackTeam "BISCHWILLER"]
[WhiteFideId "622591"]
[BlackFideId "400114"]
[EventDate "2012.05.31"]

1. d4 Nf6 2. c4 e6 3. Nc3 Bb4 4. Qc2 O-O 5. e4 d6 6. a3 Bxc3+ 7. bxc3 e5 8. Bd3
c5 9. d5 Re8 10. Ne2 Nbd7 11. h4 Nf8 12. f3 h6 13. g4 N6h7 14. Kf2 a6 15. a4 Ng6
16. Kg3 Bd7 17. Be3 f6 18. Kg2 Qc8 19. Kf2 Qc7 20. Qd2 Rf8 21. Ng3 Nf4 22. Bxf4
exf4 23. Ne2 b5 24. Nxf4 bxa4 25. Qc2 Rfb8 26. e5 Nf8 27. e6 Be8 28. g5 Qe7 29.
gxh6 g5 30. Rhg1 Kh8 31. Ne2 Ra7 32. hxg5 fxg5 33. Qd2 Nh7 34. Bxh7 Kxh7 35.
Rxg5 Rb2 36. Qd3+ Kh8 37. Rag1 Qh7 38. Qe3 a3 39. Qf4 1-0

[Event "TCh-FRA Top 12 2012"]
[Site "Belfort FRA"]
[Date "2012.06.01"]
[Round "2.5"]
[White "Marcelin, Cyril"]
[Black "Brochet, Philippe"]
[Result "1-0"]
[WhiteTitle "GM"]
[BlackTitle "IM"]
[WhiteElo "2477"]
[BlackElo "2383"]
[WhiteTeam "BISCHWILLER"]
[BlackTeam "Echiquier Guingampais"]
[WhiteFideId "607274"]
[BlackFideId "602469"]
[EventDate "2012.05.31"]

1. c4 Nc6 2. Nc3 e5 3. g3 g6 4. Bg2 Bg7 5. e4 Nd4 6. Nge2 Ne7 7. Nxd4 exd4 8.
Ne2 c5 9. d3 O-O 10. b4 cxb4 11. a3 bxa3 12. Rxa3 d6 13. O-O Bg4 14. f3 Bd7 15.
Bb2 Nc6 16. Qa1 Qf6 17. f4 h5 18. Rf2 Bg4 19. Nc1 h4 20. Nb3 hxg3 21. hxg3 Rab8
22. Rxa7 b5 23. e5 dxe5 24. Ra6 bxc4 25. Na5 c3 26. Ba3 c2 27. Rf1 Rfe8 28. Nxc6
Rb1 29. Rxb1 cxb1=Q+ 30. Qxb1 Kh7 31. fxe5 Rxe5 32. Nxe5 Qxa6 33. Nxg4 Qxa3 34.
Qf1 f5 35. Nh2 Be5 36. Qf3 Qd6 37. Nf1 Kg7 38. g4 fxg4 39. Qxg4 Qf6 40. Be4 Bf4
41. Kg2 Qg5 42. Qxg5 Bxg5 43. Kf3 Kf6 44. Kg4 Bc1 45. Nh2 g5 46. Nf3 Be3 47. Kh5
Ke6 48. Nxg5+ Kf6 49. Nf3 Bf2 50. Kg4 Be3 51. Bd5 Kg6 52. Ne5+ Kf6 53. Nc6 Kg6
54. Be6 Kf6 55. Bc8 Bc1 56. Kf3 Bb2 57. Ke4 Kf7 58. Kd5 Kf6 59. Nxd4 Ba1 60. Nc6
Bb2 61. Kd6 Ba3+ 62. Kc7 Bb2 63. d4 Bxd4 64. Nxd4 Ke5 65. Nf3+ Kd5 66. Bb7+ Kc5
67. Bc6 Kc4 68. Kd6 Kd3 69. Ke5 Kc4 70. Be4 Kc3 71. Kd5 Kb4 72. Kd4 Kb5 73. Ng5
Kb4 74. Bd3 Kb3 75. Ne4 Kb2 76. Kc4 Ka3 77. Nc5 Ka2 78. Kc3 Ka3 79. Bc2 Ka2 80.
Nb3 Ka3 81. Bb1 Ka4 82. Nd4 Ka5 83. Kc4 Kb6 84. Nb5 Kc6 85. Bf5 Kb6 86. Bd7 Ka5
87. Kc5 Ka4 88. Be6 Ka5 89. Bb3 Ka6 90. Nd6 Ka5 91. Nb7+ Ka6 92. Kc6 Ka7 93. Kc7
Ka6 94. Bc4+ Ka7 95. Bd3 Ka8 96. Nd6 1-0